Jeux Olympiques 1992 - Pays participants - Statistiques

Statistiques générales
  • Ce quiz a été pris 13 fois
  • Le résultat moyen est 158 sur 175
Réponses sur la Carte
Les réponses sont colorées sur une échelle allant du rouge au vert en fonction du pourcentage des utilisateurs qui les ont devinées à leur premier essai. Vous pouvez retrouver ces pourcentages ci-dessous.
 
Statistiques - réponses
Nombre d'athlètes Pays % Correct
94 Afrique du Sud
100%
08 Albanie
100%
38 Algérie
100%
486 Allemagne
100%
09 Arabie Saoudite
100%
295 Australie
100%
107 Autriche
100%
68 Belgique
100%
139 Bulgarie
100%
246 Chine
100%
64 Corée du Nord
100%
244 Corée du Sud
100%
41 Croatie
100%
117 Danemark
100%
83 Egypte
100%
494 Equipe unifiée
100%
489 Espagne
100%
37 Estonie
100%
89 Finlande
100%
376 France
100%
72 Grèce
100%
222 Hongrie
100%
53 Inde
100%
47 Indonésie
100%
09 Irak
100%
40 Iran
100%
58 Irlande
100%
29 Islande
100%
323 Italie
100%
272 Japon
100%
07 Jordanie
100%
51 Kenya
100%
06 Laos
100%
06 Lesotho
100%
34 Lettonie
100%
07 Liechtenstein
100%
47 Lituanie
100%
14 Madagascar
100%
05 Mali
100%
53 Maroc
100%
33 Mongolie
100%
03 Niger
100%
57 Nigeria
100%
85 Norvège
100%
05 Oman
100%
27 Pakistan
100%
215 Pays-Bas
100%
205 Pologne
100%
100 Portugal
100%
176 Roumanie
100%
376 Royaume-Uni
100%
21 Sénégal
100%
35 Slovénie
100%
06 Soudan
100%
192 Suède
100%
114 Suisse
100%
10 Syrie
100%
07 Tchad
100%
209 Tchécoslovaquie
100%
47 Thaïlande
100%
06 Togo
100%
14 Tunisie
100%
47 Turquie
100%
13 Yémen
100%
20 Zaïre
100%
08 Andorre
90%
39 Angola
90%
107 Argentine
90%
13 Bahreïn
90%
06 Bangladesh
90%
06 Bénin
90%
04 Birmanie
90%
14 Bolivie
90%
10 Bosnie-Herzégovine
90%
195 Brésil
90%
04 Burkina Faso
90%
16 Cameroun
90%
304 Canada
90%
14 Chili
90%
51 Colombie
90%
13 Côte d'Ivoire
90%
187 Cuba
90%
14 Emirats arabes unis
90%
578 Etats-Unis
90%
23 Ethiopie
90%
37 Ghana
90%
14 Guatemala
90%
06 Guyana
90%
10 Honduras
90%
30 Israël
90%
06 Libye
90%
28 Malaisie
90%
07 Malte
90%
06 Mauritanie
90%
134 Mexique
90%
02 Monaco
90%
06 Namibie
90%
05 Népal
90%
08 Nicaragua
90%
08 Ouganda
90%
13 Papouasie-Nouvelle-Guinée
90%
30 Paraguay
90%
52 Participants olympiques indépendants
90%
34 Philippines
90%
31 Qatar
90%
11 République Centrafricaine
90%
07 République du Congo
90%
10 Rwanda
90%
06 Suriname
90%
06 Swaziland
90%
09 Tanzanie
90%
23 Uruguay
90%
37 Venezuela
90%
07 Vietnam
90%
09 Zambie
90%
19 Zimbabwe
90%
06 Bhoutan
80%
06 Botswana
80%
17 Chypre
80%
16 Costa Rica
80%
08 Djibouti
80%
08 Gabon
80%
05 Gambie
80%
08 Guinée
80%
07 Haïti
80%
36 Jamaïque
80%
13 Liban
80%
06 Luxembourg
80%
04 Malawi
80%
06 Mozambique
80%
137 Nouvelle-Zélande
80%
05 Panama
80%
16 Pérou
80%
32 République dominicaine
80%
17 Saint-Marin
80%
04 Salvador
80%
11 Sierra Leone
80%
14 Singapour
80%
37 Taïwan
80%
15 Bahamas
70%
17 Barbade
70%
10 Belize
70%
13 Equateur
70%
04 Grenade
70%
07 Guinée équatoriale
70%
36 Koweït
70%
07 Maldives
70%
13 Maurice
70%
11 Sri Lanka
70%
19 Fidji
60%
06 Saint-Vincent-et-les-Grenadines
60%
11 Seychelles
60%
07 Trinite-et-Tobago
60%
13 Antigua-et-Barbuda
50%
01 Salomon
50%
05 Samoa
50%
05 Tonga
50%
06 Vanuatu
50%
Aucun quiz correspondant
Distribution des résultats
% des personnes avec chaque résultat
Percentile par nombre de réponses
Votre historique - résultats
Vous n’avez pas pris ce quiz